Vysoké Tatry Štrbský štít, Satan s Patriou a Kôpky nad Štrbským plesom...

Bibliographic Details
Other Authors: Sitenský, Ladislav, 1919-2009 (fot)
Format: Image
Language:Slovak
PhysicalDescription:1 pohľadnica 11x15 cm
Published: Praha Orbis 1968
Subjects:

MARC

LEADER 00000ckm a2200000 a 4500
001 vtls001399801
003 SK-MaSNL
005 20260301120031.0
008 231206s1968 xr 0k slo
015 |a SNBG1968 
035 |a SNK000354266 
040 |a SNK  |b slo  |c SNK  |e AACR2 
041 0 |a slo 
044 |a xr  |c CZ 
080 |a 908.234.372.4(084.121)  |2 1981 
245 1 0 |a Vysoké Tatry  |h grafika  |b Štrbský štít, Satan s Patriou a Kôpky nad Štrbským plesom...  |c foto L. Sitenský 
260 |a Praha  |b Orbis  |c 1968 
300 |c 1 pohľadnica  |c 11x15 cm 
546 |a Súbež. názov nem., angl. a franc. 
650 0 7 |a pohľadnice  |2 SNKPH  |9 30449 
651 7 |a Vysoké Tatry (Poľsko a Slovensko : pohorie)  |2 SNKPHgeo  |9 67729 
655 7 |a geografické pohľadnice  |2 SNKPH  |9 70522 
700 1 |a Sitenský, Ladislav,  |d 1919-2009  |4 fot  |9 133652 
958 |a GC 
958 |a GBN 
958 |a TL 
958 |a OND 
999 |c 724439  |d 726369 
952 |t P60, <03>, [BOOK], {603}  |a SNK  |b SNK  |y PREZ  |7 0  |o snkSP 150135  |i snkPV 1539/2000  |0 0  |1 0  |4 0  |d 2000-11-07  |l 0  |r 2005-01-02 00:00:00  |w 2026-02-23